000 00596nam a2200217Ia 4500
005 20250923144607.0
008 008 250917s9999 xx 000 0 eng d
037 _aTextual
040 _aDSWL
_beng
_cDSWL
041 _aeng
_2eng
084 _aY:45:SM95, J6
_qDSWL
100 _aAlexander, F.
_9826439
245 0 _aCriminal, the judge, and the public
_cby F.Alexander.
260 _aUSA
_b Free Press Glencse
_c1956
300 _a239p.
365 _aUSD
_b4
700 _a Hugo Staub
_9826440
925 _g4
942 _cTEXL
_hY:45:SM95, J6
999 _c1440915
_d1440915